000 00572nam a2200181Ia 4500
008 151202s9999||||xx |||||||||||||| ||und||
082 _bPNVM-61394
100 _aथोरे अशोक.
245 _aहवाई हल्लेखोर.
260 _b"राज पब्लिकेशन्स,पुणे."
260 _c61394
300 _a144
600 _aथोरे अशोक.
630 _aहवाई हल्लेखोर.
700 _aथोरे अशोक.
730 _aहवाई हल्लेखोर.
942 _cBOOK
999 _c1327928
_d1327925